00514nam a2200193Ia 4500003000900000008004100009040001300050040001300063041000800076100001400084245012300098250001000221260003300231260000900264300001000273300001000283490002100293490000600314IT-RoPAU120407s9999 xx 000 0 und d aIT-RoPAU cIT-RoPAU aita aSubicain  a"Le nuove sfide dell’apostolato biblico Czestochowa; una tappa verso l’Est europeo. Le prime fondazioni bibliche." aRoma  aCasa Gen.della Soc. S. Paolo c1991 a47 p. c21 cm aPro manuscripto. v1